000 00862nam a2200241Ia 4500
003 OSt
005 20220923220754.0
006 a|||||r|||| 00| 0
007 ta
008 220922b |||||||| |||| 00| 0 hin d
024 _a190,272
037 _cTextual
040 _aARTS
_cARTS
_bhin
041 _2hin
_ahin
082 _aO152,2NSH:g, M6-;1
100 _aगौतम, सुरेश; गौतम, वीणा
245 0 _aराजपथ से जनपथ नठ शिल्पी शंकर शेष
246 _aRājapath se janapath naṭh shilpī shankar sheṣha
260 _aनई दिल्ली
_b शारदा प्रकाशन
_c1986
300 _a228 पृ.
_ccm.
942 _hO152,2NSH:g, M6-;1
_cTEXL
_2CC
999 _c343048
_d343048